Community and conservation : sea turtle conservation in Southern Terengganu, Malaysia /
Saved in:
| Main Author: | |
|---|---|
| Format: | Thesis Book |
| Language: | English |
| Published: |
2016
|
| Subjects: | |
| Tags: |
Add Tag
No Tags, Be the first to tag this record!
|
| LEADER | 01443cam a2200349 i 4500 | ||
|---|---|---|---|
| 001 | u1034432 | ||
| 003 | SIRSI | ||
| 005 | 201606021652 | ||
| 008 | 160602s2016 my a m 000 0 eng | ||
| 040 | |a UMM |d AUM |e rda | ||
| 043 | |a a-my-tr | ||
| 090 | |a DS520.5 |b UMP 2016 Shu | ||
| 100 | 1 | |a Shuji, Tsuji, |e author. | |
| 245 | 1 | 0 | |a Community and conservation : |b sea turtle conservation in Southern Terengganu, Malaysia / |c Tsuji Shuji. |
| 264 | 1 | |c 2016 | |
| 264 | 4 | |c 2016 | |
| 300 | |a xvii, 369 leaves : |b illustrations ; |c 30 cm. | ||
| 336 | |a text |2 rdacontent | ||
| 337 | |a unmediated |2 rdamedia | ||
| 338 | |a volume |2 rdacarrier | ||
| 502 | |b Ph.D |c Jabatan Pengajian Asia Tenggara, Fakulti Sastera dan Sains Sosial, Universiti Malaya |d 2016. | ||
| 504 | |a Bibliography: leaves 347-367. | ||
| 530 | |a Also issued in CD. | ||
| 650 | 0 | |a Sea turtles |x Ecology |z Terengganu. | |
| 650 | 0 | |a Wildlife conservation |z Terengganu. | |
| 650 | 0 | |a Marine resources conservation |z Terengganu. | |
| 710 | 2 | |a Universiti Malaya. |b Jabatan Pengajian Asia Tenggara, |e degree granting institution. | |
| 856 | 4 | 1 | |a http://studentsrepo.um.edu.my/14511/ |
| 596 | |a 1 25 | ||
| 900 | |a NSM | ||
| 999 | |a DS520.5 UMP 2016 SHU |w LC |c 1 |i A516500728 |d 23/8/2019 |e 23/8/2019 |f 17/4/2018 |g 2 |l STACKS |m P01UTAMA |n 1 |r Y |s Y |t TESIS |u 21/7/2016 |1 AHSS |o .STAFF. | ||
| 999 | |a DS520.5 UMP 2016 SHU |w LC |c 1 |i A516502600 |f 20/4/2023 |g 1 |l STACKS |m P25UMARCHI |r N |s Y |t CD |u 20/4/2023 |1 AHSS |o .STAFF. MST-CD2398 | ||
